| 000 | 00664nam a2200205Ia 4500 | ||
|---|---|---|---|
| 003 | GCL | ||
| 008 | 140319s9999 xx 000 0 ara d | ||
| 020 | _a0033291977 | ||
| 040 |
_aGCL / _cGCL |
||
| 082 | 0 | 4 |
_a615.892 _bل ا |
| 100 | 1 | _aلطفى سليمان | |
| 245 | 1 | 0 |
_aالابر الصينية فى العلاج والتخدير / _cلطفى سليمان |
| 250 | _aالاولى | ||
| 260 |
_aالقاهرة : _bمركز الحضارة العربية للاعلام والنشر ، _c1999 |
||
| 300 |
_a55 ص ؛ _c10 سم |
||
| 650 | 0 | 4 | _aالعلاج بالابر |
| 650 | 0 | 4 | _aالابر الصينية |
| 650 | 0 | 4 | _aالتخدير |
| 942 |
_2ddc _cBK |
||
| 999 |
_c5138 _d5138 |
||